00467nam a2200157Ia 4500008004100000020001400041082001600055100004800071245002000119250000700139260004600146300002700192500001900219600002100238650005000259240925s9999 xx 000 0 und d a893036609 a005.133 AND aAnderson, Anita; Tracy, Martin; MicroMotion 0aMastering Forth aNA aNew York:bBrady Communication Coc,1984. axx,185p.bNAfOriginal aIncludes Index aComputer Science aComputer science, information & general works